|
|
|
|
| LEADER |
00922pam a22002658a 4500 |
| 001 |
00044869 |
| 005 |
20191016101029.0 |
| 008 |
161121s2013 ||||||Viesd |
| 020 |
# |
# |
|c 80000
|a 976046264408
|
| 041 |
0 |
# |
|a Vie
|
| 082 |
1 |
4 |
|a 495.7
|b B100M
|
| 100 |
1 |
# |
|a Nguyễn, Thảo
|e Chủ biên
|
| 245 |
0 |
0 |
|a 30 phút tự học tiếng Hàn mỗi ngày
|c Nguyễn Thảo (ch.b); Như Quỳnh (h.đ)
|
| 260 |
# |
# |
|a Hà Nội
|b Đại học quốc gia Hà Nội
|c 2017
|
| 300 |
# |
# |
|a 218 tr.
|c 21 cm
|e 1 CD
|
| 490 |
# |
# |
|a Tủ sách học tốt tiếng Hàn: Minjung
|
| 653 |
# |
# |
|a Ngôn ngữ
|
| 653 |
# |
# |
|a Ngữ pháp
|
| 653 |
# |
# |
|a Tiếng Hàn
|
| 653 |
# |
# |
|a Từ vựng
|
| 653 |
# |
# |
|a Tự học
|
| 700 |
# |
# |
|a Như, Quỳnh
|e Hiệu đính
|
| 852 |
# |
# |
|j KD.0026313
|
| 910 |
0 |
# |
|d 16/10/2019
|
| 980 |
# |
# |
|a Trung tâm Học liệu Lê Vũ Hùng, Trường Đại học Đồng Tháp
|